000 01884nam a2200385 a 4500
001 000000401
003 DO-SdBPM
005 20260323085915.0
007 ta
008 090130t1996 dr ad i001 0 spa d
020 _a8460550990
020 _a9788460550990
040 _aDO-SdBPM
_bspa
_cBPMSU
_erda
082 4 _a362.1
_bD542m 1996
_222
100 1 _aDíaz Santana, Arismendi
_eautor
245 1 0 _aModelos de desarrollo y políticas de salud /
_cArismendi Díaz Santana.
260 _c
_f
264 _aSanto Domingo :
_bOPS,
_c1996
300 _a231 páginas :
_bilustraciones, gráficos ;
_c23 cm.
336 _atexto
_btxt
_2rdacontent
337 _asin mediación
_bn
_2rdamedia
338 _avolumen
_bnc
_2rdacarrier
500 _aIncluye datos biográficos del autor en la solapa de la portada.
500 _aIncluye referencias bibliográficas y notas al pie de páginas.
504 _aBibliografía : páginas 229-231
505 0 _aIntroducción -- Desarrollo y salud -- Producción y reproducción del excedente económico -- Modelos de acumulación y política social -- Desarrollo tecnológico y productividad -- Globalización y desarrollo sostenible -- Dialéctica entre desarrollo y salud -- Salud y desarrollo -- Economía de la salud -- Posibilidades de las políticas de salud -- El financiamiento como estrategia del desarrollo sostenible -- Satisfacción y eficiencia en la producción social de la salud -- Racionalización y funcionalidad del sistema de salud -- Referencias bibliográficas.
590 _aInventariado, 2025/ VM
650 7 _a Salud pública
_x Planificación
650 7 _a Desarrollo económico
_xAspectos sociales
650 7 _aPolítica sanitaria
650 7 _aDesarrollo comunitario.
710 2 _aOrganización Panamericana de la Salud
910 _aVMateo V. Control de calidad BPMSU
942 _2ddc
_cBK
999 _c14221
_d14221